000 00608nam a22002177a 4500
003 KOHA_MİRAKIL
005 20260406100701.0
008 260406b tu ||||| |||| 00| 0 tur d
020 _a97860572120604
040 _aTR-AnABB
_btur
_cTR-AnABB
041 _atur
082 _a923.4
_bINA 2015
100 1 _aİnanç, Remzi
245 1 0 _aOrtak belleğimizdir dostlar /
_cRemzi İnanç
250 _a1. baskı
260 _aAnkara :
_bÜrün Yayınları,
_c2015
300 _a245 sayfa :
_bfotoğraflı ;
_c20 cm
500 _aYazar imzalı
650 0 4 _aAnı, yazarlar
942 _2ddc
_cBK
999 _c10154
_d10154
900 _bCan ÇELIK